[Event "Brno"]
[Site "Brno"]
[Date "1992.??.??"]
[Round "3"]
[White "Ftacnik, Lubomir"]
[Black "Kortschnoj, Viktor Lvovich"]
[Result "1/2-1/2"]
[WhiteElo "2535"]
[BlackElo "2575"]
[Annotator "Ftacnik,L"]
[PlyCount "134"]
[EventDate "1992.08.??"]
[EventType "tourn"]
[EventRounds "9"]
[EventCountry "CZE"]
[EventCategory "11"]
[SourceTitle "CBM 031"]
[Source "ChessBase"]
[SourceDate "1992.12.01"]
[SourceVersion "1"]
[SourceVersionDate "1992.12.01"]
[SourceQuality "1"]

1. d4 Nf6 2. c4 e6 3. Nf3 Bb4+ 4. Nbd2 b6 5. g3 Ba6 6. Qc2 Bb7 7. Bg2 Be4 8.
Qb3 Bxd2+ 9. Bxd2 O-O 10. O-O Nc6 $5 {N} (10... d6 11. Rfd1 (11. Qe3 Nbd7 12.
Bh3 h6 13. Bc3 Re8 14. Nd2 Bb7 15. f3 $14 {McMahon,D-Wells,P/Dublin Telecom/
1991/}) 11... Qe7 12. Qe3 Nbd7 13. Bc3 Rfe8 14. Rac1 h6 15. b3 Rac8 16. Bh3 $14
{Karpov,An-Andersson,U/Reggio Emilia top-16/1991/}) 11. Rfd1 h6 (11... Bxf3 $2
12. Qxf3 Nxd4 13. Qxa8 Qxa8 14. Bxa8 Rxa8 15. Bg5 $16) 12. Qe3 Re8 13. Ne5 (13.
Bc3 d5 14. b3 Ne7 $132) (13. b4 $140 $5 d5 14. Ne5 Ne7 15. f3 Bh7 16. Rac1 $14)
13... Bxg2 (13... Nxe5 14. dxe5 Bxg2 15. exf6 Bc6 16. fxg7 $16) 14. Kxg2 Ne7
15. Qf3 d6 16. Ng4 $6 (16. Nc6 Nxc6 17. Qxc6 Qd7 $10) (16. Nd3 d5 17. cxd5 exd5
$10) 16... Nh7 $1 (16... Nf5 17. Nxf6+ Qxf6 18. Bc3 $36) 17. Qd3 (17. e4 f5 (
17... h5 18. Ne3 Ng5 19. Qxh5 (19. Qf4 $2 Ng6 $19) 19... Nxe4 20. Be1 d5 $36)
18. exf5 exf5 19. Ne3 Ng5 20. Qh5 Rf8 $40) 17... f5 18. Ne3 Qd7 19. f3 (19. f4
$6 Nf6 {xe4}) 19... Rf8 20. Nc2 Nf6 21. Rf1 Rf7 22. Rad1 Raf8 23. Na3 (23. e4
fxe4 24. fxe4 d5 (24... Ng4 25. Rxf7 Rxf7 26. Rf1 Rxf1 27. Qxf1 Qa4 28. Na3 $13
) 25. cxd5 exd5 26. e5 (26. exd5 Qxd5+ 27. Kg1 Nc6 $17) 26... Ne4 $17) 23...
Ng6 (23... a6 24. Nb1 Ng6 25. Nc3 e5 26. d5 $13) 24. Nb5 (24. e4 fxe4 25. fxe4
e5 26. d5 Qg4 27. Rde1 Nd7 $17) 24... e5 $1 25. Nc3 (25. dxe5 Nxe5 26. Qc2 d5
27. Nd4 $1 Nxc4 28. Nxf5 Nxd2 29. Rxd2 c5 $15) 25... exd4 $6 (25... Re8 $1 26.
d5 (26. dxe5 Nxe5 27. Qd4 c5 28. Qf2 Nxc4 $17) 26... e4 27. Qd4 Qe7 $17) 26.
Qxd4 c5 27. Qf2 Qc6 28. Kg1 a6 29. a4 Rd7 30. Qe3 d5 (30... Ne5 31. b3 Re8 32.
Qf4 $132) (30... Re8 31. Qd3 Ne5 32. Qxf5 Nxc4 33. Bxh6 $13) 31. cxd5 Nxd5 32.
Nxd5 Rxd5 (32... Qxd5 33. Bc3 Qxd1 34. Qe6+ Kh7 35. Rxd1 Rxd1+ 36. Kf2 $16) 33.
Bc3 Rfd8 (33... Re8 34. Qxe8+ Qxe8 35. Rxd5 Qe3+ 36. Kg2 Qxe2+ 37. Rf2 Qe6 38.
Rfd2 $14) 34. Rxd5 Qxd5 (34... Rxd5 35. b4 c4 36. Bb2 $14) 35. b4 Rf8 $6 $138 (
35... cxb4 36. Bxb4 Qd4 37. Qxd4 Rxd4 38. Rb1 Nf8 $14) 36. bxc5 bxc5 (36...
Qxc5 37. Qxc5 bxc5 38. Rb1 $16) 37. Rb1 f4 38. Qd2 Qe6 (38... Qc6 39. a5 $16)
39. Rb7 (39. a5 fxg3 40. hxg3 Nf4 $1 41. Rb6 Nxe2+ 42. Kf2 Qc4 $132) 39... Rf7
40. Rxf7 Qxf7 41. Kf2 (41. Qd6 Qc4 42. Qxg6 Qxc3 43. Qxa6 fxg3 44. hxg3 c4 45.
Qe6+ Kf8 46. a5 Qxa5 47. Qxc4 $16) 41... Qc4 (41... fxg3+ 42. hxg3 Nf8 43. a5
$16) 42. Qb2 Qf7 43. Qb6 (43. a5 $5 $16) 43... Qc4 $8 (43... Qe7 44. Bd2 $16)
44. Bb2 (44. Qxg6 fxg3+ 45. hxg3 Qxc3 46. Qxa6 c4 47. a5 Qd4+ 48. Kf1 c3 49.
Qe6+ Kf8 50. a6 Qc5 51. a7 Qxa7 52. Qc8+ Kf7 53. Qxc3 $16) 44... Nf8 45. Qb7 (
45. a5 Ne6 46. Be5 fxg3+ 47. hxg3 Nd4 $10) 45... fxg3+ 46. hxg3 Ne6 47. Be5 (
47. Qe7 Nd4 $13) 47... Qxa4 $1 48. f4 (48. Qe7 Qc6 49. f4 c4 50. e3 (50. f5
Qc5+ $1) 50... Qd5 $132) 48... Qe8 49. Qxa6 (49. f5 Qf8 50. e4 Ng5 $132) 49...
Qg6 50. Qc8+ Kh7 51. Qd7 h5 $1 (51... Qg4 52. Bxg7 Qxg7 53. Qxe6 $18) 52. e4
Qg4 53. f5 (53. Qe7 Nd4 54. Bxd4 cxd4 $10) 53... Nd4 54. Bxd4 cxd4 55. Qxd4 h4
56. gxh4 Qxh4+ 57. Ke2 (57. Ke3 Qe1+ 58. Kd3 Qd1+ 59. Kc4 Qa4+ 60. Kd5 Qd7+ 61.
Ke5 Qe7+ 62. Kf4 Qh4+ $10) 57... Qg3 58. Qc5 Qh3 59. Qe5 Qb3 60. Qd4 Qg3 61.
Qd5 (61. Kd2 Qf3 62. Kc2 $14 {Korchnoi,V}) 61... Qc3 62. Qd3 (62. Qe6 Qg3 63.
e5 Qg4+ 64. Kd3 Qd1+ 65. Kc4 Qa4+ 66. Kc5 Qa5+ 67. Kd6 Qb6+ 68. Ke7 Qc7+ 69.
Kf8 Qb8+ 70. Kf7 Qb7+ 71. Qe7 Qd5+ 72. Qe6 Qb7+ $10) 62... Qe5 63. Kf3 g6 $1
64. Qd7+ Qg7 65. Qe6 (65. Qxg7+ Kxg7 66. Kf4 gxf5 67. Kxf5 Kf7 $10) 65... gxf5
66. Qxf5+ (66. exf5 Qc3+ $10) 66... Kg8 67. Kf4 Qf8 $1 {Ftacnik,L} 1/2-1/2

[Event "Chess Champions League"]
[Site "Vitoria Gasteiz"]
[Date "2007.11.03"]
[Round "2"]
[White "Topalov, Veselin"]
[Black "Kasimdzhanov, Rustam"]
[Result "1-0"]
[WhiteElo "2769"]
[BlackElo "2690"]
[Annotator "Ftacnik,L"]
[PlyCount "83"]
[EventDate "2007.11.02"]
[EventType "tourn"]
[EventRounds "10"]
[EventCountry "ESP"]
[EventCategory "19"]
[SourceTitle "CBM 121"]
[Source "ChessBase"]
[SourceDate "2007.11.14"]
[SourceVersion "1"]
[SourceVersionDate "2007.11.14"]
[SourceQuality "1"]

1. d4 Nf6 2. c4 e6 3. Nf3 b6 4. g3 Ba6 5. b3 Bb4+ 6. Bd2 Be7 7. Bg2 c6 8. Bc3
d5 9. Ne5 Ne4 $5 {Kasimdzhanov is not ready to suffer in the main line after 9.
..Nfd7. The knight jmove to the centre loses time, but Black wants to
eliminate White's dark squared bishop.} (9... Nfd7) 10. O-O Nxc3 11. Nxc3 O-O
12. Rc1 Bb4 13. e3 Qe7 (13... f6 14. Nd3 Bd6 15. cxd5 Ba3 16. Rc2 exd5 17. Re1
$14) 14. Re1 f6 15. Nd3 Ba3 {Black has to be alert to the dangers of his
position, where the knight from b8 is not yet developed.} (15... Bd6 $2 16.
cxd5 exd5 17. Nxd5 $1 $16) 16. Rc2 dxc4 17. bxc4 Bxc4 18. Nb1 Bb5 (18... Bxd3
19. Qxd3 Bd6 20. Rec1 e5 21. Be4 g6 22. Bxc6 Nxc6 23. Rxc6 $14) 19. Nxa3 Qxa3
20. Nf4 {Topalov is not running any risk, as his pieces are better developed
and Black has to take care of several weaknesses.} Re8 (20... Qe7 21. Rc1 e5
22. Qb3+ Kh8 23. Ne6 Ba4 24. Qxa4 Qxe6 25. Qc2 $14) (20... Ba4 21. Qc1 Qxc1 22.
Rcxc1 Kf7 23. d5 e5 24. dxc6 Bxc6 25. Nd5 $14) 21. Qh5 Nd7 (21... Re7 22. d5 $1
g6 23. Qh3 $16) 22. Bxc6 Bxc6 23. Rxc6 Qxa2 24. Rc7 Re7 (24... Red8 $2 25. Qg4
f5 26. Qg5 $16) 25. Rec1 e5 (25... Rd8 26. Qb5 e5 27. Nd5 Rf7 28. Rc8 $16) 26.
Qf3 Rd8 (26... e4 27. Qg4 Rd8 28. R1c6 Qf7 29. Rxa7 $16) 27. Nd5 $6 {The weak
moment in the game: White believes that keeping the pieces on the board plays
in his favour. Objectively better was to trade the queens and strive for some
advantage in the endgame.} (27. Qd5+ $1 Qxd5 28. Nxd5 Rf7 (28... Re6 29. Rxa7
exd4 30. exd4 Rd6 31. Nb4 $16) 29. Rxa7 exd4 30. exd4 Ne5 31. Ne7+ Kf8 32. Rcc7
Re8 33. Nf5 $16) 27... Rf7 (27... Re6 $2 28. Rxd7 Rxd7 29. Rc8+ Kf7 30. Qh5+
$18) 28. Nc3 Qb3 (28... Qe6 29. d5 Qe8 30. Rxa7 f5) 29. Rb1 Qe6 (29... Qc2 $2
30. Qd5 $1 $16) 30. d5 Qe8 31. Rxa7 f5 {Objectively speaking Black should have
enough counterplay with his compact position. Topalov finds it difficult to
claim any advantage.} 32. Kg2 (32. d6 e4 33. Qd1 Ne5 34. Rxf7 Qxf7 35. Rxb6 h6
$14) 32... Ra8 (32... e4 $5 33. Qd1 Rf6 $11) 33. Rc7 (33. Rba1 Rxa7 34. Rxa7
Nc5 35. Rxf7 Qxf7 $11) 33... Nc5 $2 {[%mdl 256] The balance in chess is often
a very sensitive issue. With one unfortunate move Black loses the foundation
of his defence and immediately faces serous trouble.} (33... e4 34. Qf4 Rd8 $13
) 34. d6 $1 e4 (34... Rxc7 35. dxc7 Rc8 36. Qd5+ Qf7 37. Rxb6 Nd7 38. Re6 Rxc7
39. Nb5 Rc5 40. Re8+ Nf8 41. Rxf8+ Kxf8 42. Qxc5+ $18) 35. Qd1 Nd3 (35... Ra3
36. Rxb6 Rxc3 37. Qd4 Nd7 38. Rxc3 Nxb6 39. Qxb6 $18) (35... Rxc7 $2 36. dxc7
Rc8 37. Qd5+ Kh8 38. Rxb6 Rxc7 39. Nb5 Rc8 40. Nd6 Qd7 41. Rb7 $18) 36. Qb3 $1
{White's queen suddenly has a chance to fullfil her dreams of a great destiny..
.} (36. Rxb6 Kh8 37. Nd5 $16) 36... Rd8 (36... Kf8 37. Nd5 Qe6 38. Qxb6 Qxd5
39. Qb8+ $18) 37. Ra1 (37. Re7 $1 Qf8 38. Qd5 $18) 37... Kf8 38. Rxf7+ (38.
Raa7 Rfd7 39. Nb5 Ne1+ 40. Kf1 Nf3 41. Qd5 $18) 38... Qxf7 39. Qxb6 Rc8 (39...
Qf6 40. Ra6 $18) 40. Ne2 {The defender now plays on with hopless cards, White
has all the trumps in the position.} Qh5 (40... Kg8 41. Nd4 h6 42. Ra7 $18) 41.
Nd4 Nxf2 (41... Qe8 42. d7 Qxd7 43. Ra7 Qe8 44. Qb7 $18) 42. d7 1-0

[Event "Munich SKA"]
[Site "Munich"]
[Date "1994.05.24"]
[Round "4"]
[White "Hertneck, Gerald"]
[Black "Nikolic, Predrag"]
[Result "0-1"]
[WhiteElo "2615"]
[BlackElo "2625"]
[Annotator "Ftacnik,L"]
[PlyCount "127"]
[EventDate "1994.05.21"]
[EventType "tourn"]
[EventRounds "11"]
[EventCountry "GER"]
[EventCategory "16"]
[SourceTitle "CBM 042"]
[Source "ChessBase"]
[SourceDate "1994.10.01"]
[SourceVersion "1"]
[SourceVersionDate "1994.10.01"]
[SourceQuality "1"]

1. d4 Nf6 2. c4 e6 3. Nf3 b6 4. g3 Ba6 5. Nbd2 d5 6. cxd5 exd5 7. b4 $2 Bd6 8.
e3 (8. Qb3 O-O 9. b5 Bc8 $1 10. Rb1 a6 11. a4 axb5 12. axb5 Bf5 13. Rb2 Ra1 $17
) (8. Bg2 O-O 9. a3 Re8 $17) 8... Bxf1 9. Kxf1 Qd7 10. Rb1 Qh3+ 11. Kg1 Nbd7
12. Qf1 Qf5 13. Kg2 h5 14. h4 O-O 15. Rb3 a5 16. b5 a4 17. Rb2 Rfe8 18. Qe2 Ng4
$6 (18... Ne4) 19. Re1 Ndf6 20. Ng5 $1 Ne4 21. Ndxe4 dxe4 22. f4 $5 (22. Bd2 {
/\ Bb4} Nf6 23. Bb4 Bxb4 24. Rxb4 Nd5 $15) 22... exf3+ 23. Qxf3 Qxf3+ 24. Kxf3
f6 $1 (24... f5 25. e4 $10) 25. Nh3 (25. Ne4 Rad8 26. Nxd6 (26. Bd2 Nh2+ $1 27.
Kg2 Rxe4 28. Kxh2 Rxh4+ $19) 26... Rxd6 27. Ree2 f5 $17) 25... f5 26. Bd2 a3
27. Rb3 Ra4 28. Rc1 Nf6 29. Nf4 Kf7 30. Be1 Ke7 31. Rbc3 Kd7 32. Rc4 Rxc4 33.
Rxc4 Bxf4 34. gxf4 (34. Kxf4 Nd5+ 35. Kg5 Rxe3 $17) 34... Ne4 35. Bb4 (35. Ra4
Nd6 36. Rxa3 Nxb5 37. Rd3 Re6 {/\ Nd6-e4, Rg6}) 35... Re6 36. Rc2 (36. Bxa3 $4
Nd2+ $19) 36... Rg6 37. Rg2 Rg4 38. Bxa3 Nc3 39. Bb4 Rxg2 $1 (39... Nxb5 40. a4
(40. Rb2 Rxh4 41. Be1 Rh1 (41... Rh3+ $2 42. Kg2 Rxe3 43. Bf2) 42. Rxb5 Rxe1
43. Rxf5 $10) 40... Nd6 41. Rh2) 40. Kxg2 Nxa2 41. Bd2 Ke6 (41... c6 $5 42.
bxc6+ (42. Kf3 cxb5 43. Ke2 b4 44. Kd3 b3 45. Bc3 b5 46. Bb2 Nb4+ 47. Kc3 Nd5+
$19) 42... Kxc6 43. Kf3 Kd5 44. Ke2 Kc4 45. Kd1 Kd3 $140 $2 46. d5 $1) 42. Kf2
(42. Kf3 Kd5 $22) 42... Kd5 43. Kf3 Kc4 (43... g6 44. e4+ fxe4+ (44... Kxd4 45.
e5 Kd5 46. Ke3 c6 47. bxc6 Kxc6 48. Kd3 b5 49. Kc2 b4 50. Kb3 Nc3 51. Bxc3 bxc3
52. Kxc3 $18) 45. Ke3 Kc4 46. Kxe4 Kxb5 47. f5 $1 (47. Ke5 Kc4 48. Kf6 b5 49.
Kxg6 b4 50. f5 (50. Bxb4 Nxb4 51. f5 Nd5 $19) 50... b3 51. f6 b2 52. f7 b1=Q+
$19) 47... gxf5+ 48. Kxf5 Kc4 49. Kg6 b5 50. Kxh5 b4 51. Bxb4 Nxb4 52. Kg5 $1
Kd5 53. h5 Ke6 54. Kg6 Nd5 55. h6 Ne7+ 56. Kg5 Kf7 $19) 44. e4 Kxb5 (44...
fxe4+ 45. Kxe4 Kxb5 46. Kf5 Kc4 47. Kg6 b5 48. Kxg7 b4 49. f5 b3 50. f6 b2 51.
f7 b1=Q 52. f8=Q $13) 45. e5 Kc6 46. e6 (46. Ke3 Kd5 47. Kd3 c5 48. dxc5 bxc5
49. Kc2 Nb4+ 50. Bxb4 (50. Kc3 Nc6 51. Kd3 $17) 50... cxb4 51. Kb3 g5 $1 52.
fxg5 f4 53. g6 Ke6 $19) 46... Kd6 47. d5 c6 (47... b5 48. Be3 b4 49. Bc5+ $1)
48. dxc6 Kxc6 (48... Kxe6 $2 49. Ke3 Kd6 50. Kd4 Kxc6 51. Ke5 g6 52. Kf6 Kd6
53. Kxg6 Ke6 54. Kxh5 Kf6 55. Be3 b5 56. Bd4+ Kf7 57. Kg5 $16) 49. Ke3 Kd6 50.
Kd3 Kxe6 51. Kc4 Kd6 52. Kb3 (52. Kb5 Kc7 53. Be3 Nc3+) 52... Kd5 53. Kxa2 Ke4
54. Kb3 Kf3 55. Kc4 Kg4 56. Be1 (56. Kb5 Kxh4 57. Kxb6 Kg4 $19) 56... Kxf4 57.
Kd4 b5 58. Bb4 (58. Kc5 Ke3 59. Kxb5 f4 60. Kc5 f3 61. Kd5 f2 62. Bxf2+ Kxf2
63. Ke5 Kg3 $19) 58... Kg4 59. Be1 (59. Be7 f4 60. Ke4 f3 61. Ke3 Kg3 $19)
59... Kf4 60. Bd2+ Kg4 61. Be1 g5 62. hxg5 Kxg5 63. Ke3 Kg4 64. Kf2 (64. Kf2 h4
65. Bd2 h3 66. Bb4 f4 67. Bc5 f3 68. Kg1 Kf4 69. Kh2 Ke4 70. Kg3 h2 71. Kxh2
Kd3 72. Kg3 Ke2 73. Kf4 b4 $19) 0-1

[Event "RUS-chT 19th"]
[Site "Sochi"]
[Date "2012.04.14"]
[Round "6"]
[White "Wang, Hao"]
[Black "Shimanov, Aleksandr"]
[Result "1-0"]
[WhiteElo "2733"]
[BlackElo "2591"]
[Annotator "Ftacnik,L"]
[PlyCount "87"]
[EventDate "2012.04.09"]
[EventType "team-swiss"]
[EventRounds "7"]
[EventCountry "RUS"]
[SourceTitle "CBM 148"]
[Source "ChessBase"]
[SourceDate "2012.05.16"]
[SourceVersion "1"]
[SourceVersionDate "2012.05.16"]
[SourceQuality "1"]
[WhiteTeam "Moscow ShSM-64"]
[BlackTeam "St Petersburg Chigorin CC"]
[WhiteTeamCountry "RUS"]
[BlackTeamCountry "RUS"]

1. d4 d5 2. c4 e6 3. Nf3 Nf6 4. g3 Bb4+ 5. Bd2 Be7 6. Bg2 O-O 7. O-O c6 8. Qc2
b6 9. Rd1 Nbd7 10. Bf4 Ba6 11. b3 Rc8 12. Nc3 h6 {The war ranging on the board
is at this stage concentrated in trenches. The tension in the position is
clearly gravitating towards the centre, but Black chooses a waiting move with
the h-pawn.} (12... Qe8 13. e4 dxc4 14. Nb1 b5 15. bxc4 bxc4 16. Nc3 Bb4 (16...
Nb6 17. a4 h6 18. Rab1 Bd8 19. Qa2 Nbd7 20. a5 Bc7 21. Bxc7 Rxc7 22. Nd2 e5 23.
Nxc4 $14 {1/2-1/2 Rusev,K (2516)-Yemelin,V (2567)/Skopje 2012 (45)}) 17. Rab1
Bxc3 18. Qxc3 Nxe4 19. Qa5 Bb5 20. a4 Bxa4 21. Qxa4 Nc3 22. Qxc4 Nxd1 23. Bd6
$16 {0-1 Cheparinov,I (2664)-Sjugirov,S (2610)/Plovdiv 2012 (75)}) (12... b5
13. c5 b4 14. Na4 Ne4 15. a3 bxa3 16. Rxa3 Bb5 17. Ne5 f5 18. Nc3 Nxc3 19. Qxc3
a6 20. Nd3 Re8 21. Rda1 g5 22. Bd6 Nf6 23. Bxe7 Qxe7 24. Ne5 $16 {1-0
Kasimdzhanov,R (2678)-Postojev,A (2330)/Germany 2012 (32)}) 13. h3 Re8 {
Shimanov was already facing a pressing choice: will the move of his opponent
provoke him into activity on the kingside? He uses his tempo for another
non-specific move instead.} (13... Nh5 14. Bc1 f5 {This active move offers
Black the chance to fight for more than equality.} (14... Nhf6 15. e4 dxc4 16.
Nd2 (16. Be3 b5 17. bxc4 bxc4 18. Na4 Qa5 19. Nd2 c5 20. d5 exd5 21. exd5 Ne5
22. Nb2 c3 23. Nb3 Qa3 24. Qxc3 {1/2-1/2 Mikhalevski,V (2632)-Vavrak,P (2472)/
Reykjavik 2008 (55)} Bd6 $15) 16... b5 17. bxc4 bxc4 18. Na4 c5 19. d5 exd5 20.
exd5 Ne5 21. Nb2 Ne8 22. f4 Nd3 23. Nbxc4 Bf6 24. Rb1 $14 {1-0 Mikhalevski,V 
(2580)-Mitkov,N (2565)/Santo Domingo 2006 (42)}) 15. a4 (15. e3 Nhf6 (15... Bd6
16. Ne2 Nhf6 17. Bb2 c5 18. Nf4 Qe8 19. dxc5 Bxc5 20. Qc3 Bd6 21. Qe1 Bxf4 22.
exf4 dxc4 23. Rac1 cxb3 24. axb3 Nc5 25. Ne5 $14 {1-0 Sargissian,G (2667)
-Sethuraman,S (2455)/Helsingor 2009 (49)}) 16. Ne2 g5 17. a4 Ne4 18. Bb2 Bf6
19. Ne5 Bg7 20. Nd3 Qe7 21. a5 b5 22. Nb4 Nb8 23. Ba3 c5 24. Nxa6 Nxa6 25. cxb5
$16 {1/2-1/2 Jumabayev,R (2571)-Wang Hao (2727)/Guangzhou 2010 (75)}) 15... Bd6
16. a5 (16. Ba3 Bxa3 17. Rxa3 dxc4 18. a5 b5 19. Raa1 b4 20. Na4 c3 21. Ne5 Bb5
22. Nc5 Nxc5 23. dxc5 Qc7 $15 {0-1 Miroshnichenko,E (2647)-Khairullin,I (2544)/
Moscow 2008 (38)}) 16... bxa5 17. Ba3 Bxa3 18. Rxa3 dxc4 19. Rda1 c5 20. Rxa5
cxd4 21. Nxd4 cxb3 22. Qxb3 Bc4 23. Qd1 Ndf6 24. Rxa7 $14 {1-0 Grischuk,A 
(2715)-Tomashevsky,E (2646)/Moscow 2007 (45)}) 14. e4 dxc4 15. Nd2 {Wang Hao
will demonstrate deep understanding of the position. White can even sacrifice
the pawn on the c4-square, but it can not give him advantage.} (15. bxc4 Bxc4
16. Nd2 Bb5 (16... Ba6 17. Qa4 Bd3 18. Nb3 b5 19. Qxa7 Bc4 $11) 17. Nf3 $11)
15... b5 (15... cxb3 $2 16. axb3 $16) 16. bxc4 bxc4 17. Rab1 $1 {Making the
pieces more active is nearly always a sound strategy. It is much more
difficult is to know that there is nothing better at the moment.} (17. Qa4 Bb5
18. Qxa7 g5 19. Be3 Ra8 20. Qb7 Rb8 21. Qa7 Qc8 22. d5 Ra8 23. Nxb5 cxb5 24.
Qd4 exd5 25. Qc3 b4 26. Qc2 c3 27. Nb3 dxe4 $17 {0-1 Mikhalevski,V (2571)
-Eljanov,P (2651)/Montreal 2006 (40)}) (17. Bf1 c5 18. d5 exd5 19. Nxd5 Nxd5
20. exd5 g5 21. Be3 Ne5 $11) 17... Qa5 18. Na4 e5 {Black can surely live
without fearing his opponent, but he would also need to discover the strongest
continuation.} (18... Bb5 $5 19. Nb2 c3 20. Nbc4 Ba4 21. Nb3 Qb4 22. Bf1 $13)
19. Be3 (19. dxe5 Nxe5 20. Nb2 c3 (20... Nh5 21. Bxe5 Qxe5 22. Nbxc4 Qe6 23.
Ne3 $14) 21. Nb3 Qxa2 22. Bxe5 cxb2 23. Rxb2 $14) 19... exd4 20. Bxd4 Nc5 $6 {
The move of the knight to c5 is surely a significantly worse solution than the
witty move 20...Bb4!, as it would disturb the coordination of White's forces.}
(20... Bb4 $1 21. Nxc4 Bxc4 22. Qxc4 Qxa4 23. a3 a5 $11) 21. Nb2 (21. Bxc5 $5
Bxc5 22. Nxc4 Bxc4 23. Qxc4 Bb6 24. Rd6 $14) 21... Ne6 (21... c3 22. Bxc3 Qxa2
23. Ra1 Qe6 24. Bb4 $14) 22. Be3 c5 (22... c3 23. Nbc4 Qc7 24. Qxc3 $14) 23.
Ndxc4 Nd4 {The tactical complications are soemwhat dangerous for the defender,
since the white pieces have begun to work seamlessly together. On the other
hand also the first player has a problem with deciding which line promises the
best chances.} 24. Nxa5 (24. Qd3 $5 Qxa2 25. Ra1 Qxb2 26. Rxa6 Qb7 27. Na5 $14)
24... Nxc2 25. e5 Nxe3 (25... c4 26. exf6 Nxe3 27. fxe3 Bxf6 28. Bf1 Rxe3 29.
Kf2 Ra3 30. Nbxc4 Rxa2+ 31. Rd2 Rxd2+ 32. Nxd2 $16) 26. fxe3 Nh7 $2 {After the
game Shimanov surely struggled to understand, where his solutions in the
position have gone truly wrong. The strange looking move of the knight to h5
still promised a fully balanced position.} (26... Nh5 27. Kh2 c4 28. Bf1 Bd8
29. Naxc4 Bc7 $11) 27. Nbc4 Bxc4 (27... Rb8 28. Rxb8 Rxb8 29. Nc6 Rb7 30. Nd6
Rc7 31. Rc1 $16) 28. Nxc4 Rc7 29. Rd3 Ng5 30. Rdb3 {[%mdl 32] The geometry is
suddenly working against the defender. All the white pieces are breathing more
easily than their black counterparts.} Rd8 31. Rb7 Rdd7 32. Rb8+ Kh7 (32... Rd8
33. Rxd8+ Bxd8 34. Rb8 Ne6 35. Bd5 $16) 33. a4 {Black is still holding and
might be even hoping that his opponent has no way to break his defence. The
Chinese grandmaster is able to picture the solution quite well.} g6 34. a5 Ne6
35. a6 Nd8 36. Ra8 h5 37. Kf2 h4 (37... Kh6 38. Ke2 Kg5 39. h4+ Kg4 40. Kf2 $16
) 38. g4 Kg7 39. Ke2 Kh7 40. Be4 Kg7 41. Rbb8 Kh7 42. Bc2 Kh6 43. Ba4 Rd5 44.
Rc8 $1 {The triumph of the domination is finished by White with a simple
exchange of the last defensive piece that was preventing the worst.} (44. Rc8
$1 Rxc8 45. Rxc8 Kg7 46. Ra8 $18) 1-0